000 00910cam a22002294a 4500
008 210306s1874 ua 000 0 fre d
040 _aEG-GiCUC
_bfre
_cEG-GiCUC
043 _af-ua---
092 0 4 _a962.16
_bA3454221
099 _a04
_a962.16 A3454221
245 0 0 _aAlbum photographique comprenant soixante et une vues exe{u00B4}cute{u00B4}es d'apres̀ les constructions e{u00B4}leve{u00B4}es au nouveau Caire sous le reg̀ne de S.A. le Khe{u00B4}dive Ismail̈-Pacha /
_cÉmile Béchard; Max Karkégi
260 _aCairo;
_aparis :
_bA. Leneg̀re,
_c1874
300 _a1 album (61 photo);
_c24.5 x 52 cm.
651 0 _aCairo (Egypt)
_vPhotographs.
700 1 _aBéchard, Émile
700 1 _aKarkégi, Max
902 _a1
905 _aAmro L.
_eCat.
905 _aJehan
_eRev.
942 _2ddc
_cRARE BOOKS
999 _c159361
_d159361